5HLuxD.jpg

KING HENRY VIII SENIOR AND PRIMARY SCHOOL LIBRARY OPAC

INSECTS (Record no. 4140)

000 -LEADER
fixed length control field 00279nam a22001097a 4500
008 - FIXED-LENGTH DATA ELEMENTS--GENERAL INFORMATION
fixed length control field 250122b ||||| |||| 00| 0 eng d
020 ## - INTERNATIONAL STANDARD BOOK NUMBER
International Standard Book Number 9781786371263
082 ## - DEWEY DECIMAL CLASSIFICATION NUMBER
Classification number 595 JON
100 ## - MAIN ENTRY--PERSONAL NAME
Personal name GRACE JONES
Relator term JONES,GRACE
245 ## - TITLE STATEMENT
Title INSECTS
942 ## - ADDED ENTRY ELEMENTS (KOHA)
Source of classification or shelving scheme
Classification part 595 JON
Holdings
Withdrawn status Lost status Source of classification or shelving scheme Damaged status Not for loan Permanent Location Current Location Date acquired Full call number Barcode Date last seen Price effective from
          KH8 Primary School Library KH8 Primary School Library 2025-01-22 595 JON 3KHPL000002375 2025-12-05 2025-01-22

Powered By KH8 IT Dept